| 000 | 01041nam a22002537a 4500 | ||
|---|---|---|---|
| 005 | 20110819113255.0 | ||
| 010 | _aB-442730 | ||
| 020 |
_a0195660447 _c595.00 |
||
| 020 |
_a9780195660449 _c595.00 |
||
| 035 | _aB-442730 | ||
| 082 | _a324.25441 | ||
| 100 | 1 |
_aEckert, Julia M. _933621 |
|
| 245 | 1 | 4 |
_aThe charisma of direct action : _bpower, politics, and the Shiv Sena / _cJulia M. Eckert. |
| 260 |
_aNew Delhi _bOxford University Press, _c2003. |
||
| 300 |
_a307 p. ; _c22 cm. (Hb) |
||
| 504 | _aIncludes bibliographical references (p. [282]-295). | ||
| 600 | 1 | 0 |
_aṬhākare, Bāḷa. _933622 |
| 610 | 2 | 0 |
_aShiv Sena. _933623 |
| 650 | 0 |
_aPolitical parties _zIndia _zMaharashtra. _933624 |
|
| 942 |
_2ddc _cEN _h324.25441 _mECK |
||
| 999 |
_c55711 _d55711 |
||